| 000 | 00516nam a2200145 a 4500 | ||
|---|---|---|---|
| 001 | 000032343 | ||
| 005 | 20200930065606.0 | ||
| 008 | 110714s1892 dr 000 0 spa d | ||
| 040 |
_aDO-SdBNP _bspa _cBNPHU |
||
| 082 |
_axxxx _bM533c |
||
| 245 | 0 | 0 | _aMemoria que al ciudadano presidente de la república presenta el secretario de estado en los despachos de Justicia é Instrucción Pública. |
| 260 |
_aSanto Domingo : _bImprenta "Cuna de América" J. R. Roques, _c1892. |
||
| 300 |
_a22 p. ; _c22 cm. |
||
| 049 | _aBNPD | ||
| 999 |
_c31834 _d31834 |
||